Responses for Show #4888 - Wednesday, December 7, 2005

Contestants

[<< previous game]

James Quintong, a sportswriter from Atlanta, Georgia

Christi Beard, a flight attendant originally from Gulfport, Mississippi

Vicky Stanton, a school psychologist from Sherman Oaks, California (whose 2-day cash winnings total $19,799)

[next game >>]

Jeopardy! Round responses

BALTIC AVENUE
MARVIN GARDENS
GO TO JAIL, GO DIRECTLY TO JAIL
WATER WORKS
CHANCE
"FREE" PARKING
    $200 20
the Statue of Liberty

Vicky
    $200 12
(Christi: What is "I Heard On The Grapevine"?)

"I Heard It Through The Grapevine"

ChristiJames
    $200 7
Sing Sing

James
    $200 26
England

Vicky
    $200 6
getting struck by lightning

Christi
    $200 1
a freeloader

Vicky
    $400 21
ice

Vicky
    $400 13
(Vicky: What is light heavyweight?)

middleweight

VickyJames
    $400 17
Saint Paul

Vicky
    $400 27
On the Waterfront

Vicky
    $400 8
a birthday

Vicky
    $400 2
the Freemasons

Vicky
    $600 22
Gdansk

James
    $600 14
Juilliard

Vicky
    $400 18
(Vicky: Glad I was conservative, Alex. I have no idea.)

San Quentin

Vicky
    $600 28
Niagara Falls

James
    $600 9
Mega Millions

Christi
    $600 3
the Freedom of Information Act

Vicky
    $800 23
(Vicky: What's Russian?)

Swedish

Vicky
Triple Stumper
    $800 15
(Vicky: Who is James Coburn?)
...
(Alex: We're talking about Marvin there, Vicky. A little slip on your part.)

Lee Marvin

VickyJames
    $800 19
(Alex: And that was the infamous [*] in the South.)

Andersonville

Triple Stumper
    $800 29
"The Blue Danube"

Vicky
    $800 10
heart on the right side

Vicky
    $800 4
(Christi: What is Enduring Freedom?)

(Operation) Iraqi Freedom

ChristiJames
    $1000 24
(Vicky: What's a palisade?)
...
(Alex: What is [*]? A defensive [*].)

a ring wall

Vicky
Triple Stumper
    $1000 16
Marvin the Martian

Vicky
    $1000 25
Ted Kaczynski

Vicky
    $1000 30
a nymph

Christi
    $1000 11
(Vicky: What's a tornado?)

comets & asteroids

Vicky
Triple Stumper
    $1000 5
Freetown

Vicky

Scores at the first commercial break (after clue 15):

Vicky Christi James
$1,800 -$200 $2,400

Scores at the end of the Jeopardy! Round:

Vicky Christi James
$4,000 $800 $3,600

Double Jeopardy! Round responses

WWII NAMES
A BARRY MANILOW SONGBOOK
(Alex: You have to identify the song for us.)
"F" IN ANATOMY
HEY, JUNIOR!
DO YOU MEASURE UP?
PAST IRREGULAR
(Alex: And finally, in this category, [*], each response will be a past tense that does not end in -ed.)
    $400 12
Hermann Goering

Triple Stumper
    $400 3
"Copacabana"

Vicky
    $400 6
femur

Christi
    $400 18
Apollo 13

Christi
    $400 11
a mole

Vicky
    $400 1
ground

Christi
    $800 13
Doolittle

James
    $800 4
(Vicky: What's "Mandy"?)

"Can't Smile Without You"

Vicky
Triple Stumper
    $800 7
follicles

Vicky
    $800 19
Kurt Vonnegut

James
    $800 2
lent

James
    $1200 14
(Vicky: Who is Dulles?)

Chester Nimitz

Vicky
Triple Stumper
    $1200 5
(James: What is "Mandy"?)
(Alex: No. You guys are hung up on "Mandy". Vicky?)
(Vicky: What is "When Will I See You Again"?)
...
(Alex: You want to try it again?)
(Vicky: No, I don't, Alex.)

"Weekend In New England"

VickyJames
Triple Stumper
    $1,000 8
(Vicky: Oh! Um, oh!...)
(Alex: Hurry.)
(Vicky: [Hurriedly] What are the [*]?)

Fallopian tubes

Vicky
    $1200 20
George Patton, Jr.

Triple Stumper
    $1200 15
lit

Triple Stumper
    $600 25
(James: Who is Maginot?)
...
(Alex: Think of Vichy, France.)
[The end-of-round signal sounds.]

Pétain

James
    $1600 23
"I Made It Through The Rain"

Triple Stumper
    $1600 9
the fibula

Triple Stumper
    $1600 21
William F. Buckley, Jr.

Triple Stumper
    $1600 16
(Vicky: What's a flight?)

a drove

Vicky
Triple Stumper
    $2000 24
(Alex: We have kind of hit a flat spot here.)

"Daybreak"

Triple Stumper
    $2000 10
the fontanel

Vicky
    $2000 22
Oliver Wendell Holmes

Triple Stumper
    $2000 17
(Vicky: What's struck?)
...
(Alex: Got into a lot of trouble.)

Slept

Vicky
Triple Stumper

Scores at the end of the Double Jeopardy! Round:

Vicky Christi James
$1,800 $2,000 $4,200
(lock game)

[wagering suggestions for these scores]

Final Jeopardy! Round responses

20th CENTURY NOVELS
(Alex: Humbert tells the story of his--a childhood girl that he loved. Her name was Annabel Lee, and that's the reason he was in love with all these nymphets.)
...
(Alex: ...making you a not very rich, but a Jeopardy! champion nevertheless.)
VickyWhat is ?
$201
ChristiWhat is
$1,600
JamesWhat is ?
$199
Lolita

Final scores:

Vicky Christi James
$1,599 $400 $4,001
2nd place: $2,000 3rd place: $1,000 New champion: $4,001

Game dynamics:

Coryat scores:

Vicky Christi James
$2,400 $2,000 $4,800
20 R
(including 1 DD),
11 W
(including 1 DD)
6 R,
2 W
10 R,
2 W
(including 1 DD)

Combined Coryat: $9,200

[game clues] [game scores] [suggest correction]

Game tape date: 2005-09-20
The J! Archive is created by fans, for fans. Scraping, republication, monetization, and malicious use prohibited; this site may use cookies and collect identifying information. See terms. The Jeopardy! game show and all elements thereof, including but not limited to copyright and trademark thereto, are the property of Jeopardy Productions, Inc. and are protected under law. This website is not affiliated with, sponsored by, or operated by Jeopardy Productions, Inc. Join the discussion at JBoard.tv.